000 004210000a22001690004500
041 0 _aSPA
082 0 4 _aG 287.092 S7314j
100 1 _aSowton, Stanley
245 1 0 _aJuan Wesley / Stanley Sowton
260 _aKansas, Mossouri, USA : Casa Nazarena
300 _a87 Pag
001 8848
942 _cBK
999 _c38961
_d38961
336 _atexto
_btxt
_2rdacontent
337 _2rdamedia
_asin mediación
_bn
338 _2rdacarrier
_avolumen
_bnc